000 00268nam a2200109Ia 4500
005 20251222143308.0
008 251222s9999||||xx |||||||||||||| ||spa||
082 _a944.04/B45
100 _a"Bernanas, George"
245 0 _aLa grande peur des Bien-Pensants
942 _cLIB
999 _c15606
_d15606